000 00412nam a2200133Ia 4500
008 100328s9999 xx 000 0 und d
082 _b54202
100 _aसरवटे रघुनाथ वि.
245 _aगुलाबाची लागवड
260 _bउदयम
630 _aगुलाबाची लागवड
730 _aगुलाबाची लागवड
942 _cBOOK
999 _c540922
_d540919